<?xml version="1.0" encoding="UTF-8"?>
<record
    xmlns:xsi="http://www.w3.org/2001/XMLSchema-instance"
    xsi:schemaLocation="http://www.loc.gov/MARC21/slim http://www.loc.gov/standards/marcxml/schema/MARC21slim.xsd"
    xmlns="http://www.loc.gov/MARC21/slim">

  <leader>01467nam a22002538a 4500</leader>
  <controlfield tag="008">160210s2016    ck     grl    00010dspa d</controlfield>
  <datafield tag="020" ind1=" " ind2=" ">
    <subfield code="a">9789583510953</subfield>
  </datafield>
  <datafield tag="040" ind1=" " ind2=" ">
    <subfield code="a">CO-JMCR</subfield>
    <subfield code="b">spa </subfield>
    <subfield code="c">CO-JMCR</subfield>
    <subfield code="d">CO-JMCR</subfield>
    <subfield code="e">rda</subfield>
  </datafield>
  <datafield tag="082" ind1="0" ind2="4">
    <subfield code="a">345 </subfield>
    <subfield code="b">B386c</subfield>
    <subfield code="2">23</subfield>
  </datafield>
  <datafield tag="100" ind1="1" ind2=" ">
    <subfield code="a">Beccaria, Cesare Bonesana, </subfield>
    <subfield code="d">1738-1794.</subfield>
    <subfield code="9">44015</subfield>
  </datafield>
  <datafield tag="245" ind1="1" ind2="0">
    <subfield code="a">De los delitos y de las penas / </subfield>
    <subfield code="c">Cesare Beccaria ; estudio preliminar Luigi Ferrajoli.</subfield>
  </datafield>
  <datafield tag="250" ind1=" " ind2=" ">
    <subfield code="a">Quinta edici&#xF3;n.</subfield>
  </datafield>
  <datafield tag="260" ind1=" " ind2=" ">
    <subfield code="a">Bogot&#xE1; : </subfield>
    <subfield code="b">Editorial Temis, </subfield>
    <subfield code="c">2016.</subfield>
  </datafield>
  <datafield tag="300" ind1=" " ind2=" ">
    <subfield code="a">102 p&#xE1;ginas ; </subfield>
    <subfield code="c">21 cm.</subfield>
  </datafield>
  <datafield tag="520" ind1="3" ind2=" ">
    <subfield code="a">Su libro fue exaltado por Voltaire, por Diderot, por la academia de Berna, y hasta por Catalina de rusia, quien influy&#xF3; para que el gobierno austr&#xED;aco ( por los tratados de Utrecht los hasburgos mandaban entonces en el milanesado) lo nombrara profesor de econom&#xED;a p&#xFA;blica en mil&#xE1;n, Adem&#xE1;s, marc&#xF3; el comienzo de una reforma fundamental de la justicia punitiva, iniciada en 1784 por Mar&#xED;a Teresa con la abolici&#xF3;n de la tortura y proseguida en 1853 con la abolici&#xF3;n de la pena de muerte en Toscana, ejemplo que fue despu&#xE9;s seguido por todos los c&#xF3;digos de los pa&#xED;ses civilizados.</subfield>
  </datafield>
  <datafield tag="650" ind1="1" ind2="4">
    <subfield code="y">Obras hasta 1800.</subfield>
    <subfield code="9">44016</subfield>
  </datafield>
  <datafield tag="650" ind1="2" ind2="4">
    <subfield code="9">44017</subfield>
  </datafield>
  <datafield tag="650" ind1="2" ind2="4">
    <subfield code="9">44018</subfield>
  </datafield>
  <datafield tag="650" ind1="2" ind2="4">
    <subfield code="9">44019</subfield>
  </datafield>
  <datafield tag="650" ind1="2" ind2="4">
    <subfield code="v">Teor&#xED;as</subfield>
    <subfield code="9">44020</subfield>
  </datafield>
  <datafield tag="650" ind1="2" ind2="4">
    <subfield code="9">8381</subfield>
  </datafield>
  <datafield tag="700" ind1="1" ind2=" ">
    <subfield code="a">Ferrajoli, Luigi, </subfield>
    <subfield code="d">1940-</subfield>
    <subfield code="9">44021</subfield>
  </datafield>
  <datafield tag="999" ind1=" " ind2=" ">
    <subfield code="c">30926</subfield>
    <subfield code="d">17310</subfield>
  </datafield>
</record>
